000 01301nam a22003857a 4500
003 CHAP
005 20220817044147.0
008 070423d2006 it abd rn 00110 eng d
010 _a93531
011 _a94503
020 _a9789251055717
035 _a105094
040 _cCHAP
082 0 4 _a636.2
_bF41
110 2 _aFAO
245 1 0 _aLivestock's long shadow:
_benvironmental issues and options
_c/by Henning Steinfeld [and others]
260 _aRome :
_bFAO,
_c2006
300 _a390 p. :
_bilus. ; mapas ; gráfs. ; cuad. ; tablas
590 _aBATCH-UPD
_b10
_c20130110
_lUCH01
_h0921
590 _aBATCH-UPD
_b10
_c20130410
_lUCH01
_h0543
590 _aBATCH-UPD
_b10
_c20130914
_lUCH01
_h0312
590 _aCONVERSION
_b10
_c20130109
_lUCH01
_h1352
650 1 4 _aAgua
_xContaminación.
_92351
650 1 4 _aGanado
_xEfecto de la contaminación.
_944905
650 1 4 _aGanado
_xEfecto del medio ambiente.
_944907
650 1 4 _aImpacto ambiental.
_957465
650 1 4 _aMedio ambiente
_xContaminación.
_974069
650 1 4 _aPolítica ganadera.
_990617
650 1 4 _aSuelos
_xDegradación.
_9110336
700 0 _aSteinfeld, Henning.
_9109623
901 _aBK
905 _aMarco A. Mendoza T.
942 _cLIBRO
949 _a636.2 F41
_bBC
_cFAO
_d33724002024777
_eFAO1
_gDonaciØn
_h108574
_i105094
_sb
999 _c93531
_d93531